|
|
|
|
| LEADER |
00000cam a2200000 a 4500 |
| 001 |
vtls001217862 |
| 003 |
SK-MaSNL |
| 005 |
20260301194741.0 |
| 008 |
240318s1993 xo f f 000 0 slo |
| 015 |
|
|
|a SNBA1996/0802177
|
| 020 |
|
|
|a 8085310279
|q (viaz.)
|
| 035 |
|
|
|a SNK000161132
|
| 035 |
|
|
|a urn:nbn:sk:snk-amjbu4
|
| 035 |
|
|
|a urn:nbn:sk:snk-am003oux
|
| 035 |
|
|
|a EC39892F-03D3-41B7-9F04-E286EF30F0AD
|
| 040 |
|
|
|a SNK
|b slo
|c SNK
|e AACR2
|
| 041 |
1 |
|
|a slo
|h srp
|
| 044 |
|
|
|a xo
|c SK
|
| 080 |
|
|
|a 243
|2 1981
|
| 100 |
1 |
|
|a Barbarić, Slavko,
|d 1946-2000
|4 aut
|
| 245 |
1 |
0 |
|a Modli sa srdcom
|b modlitebná príručka
|c Slavko Barbarič ; [zo srbo-chorvátskeho originálu preložila Oľga Merkovičová]
|
| 250 |
|
|
|a 3. vyd.
|
| 260 |
|
|
|a Bratislava
|b Serafín
|c 1993
|
| 300 |
|
|
|a 144 s.
|c 17 cm
|
| 500 |
|
|
|a Údaj o prekl. prevzatý z tiráže
|
| 650 |
0 |
7 |
|a modlitby
|2 SNKPH
|9 1743
|
| 655 |
|
7 |
|a príručky
|2 SNKPH
|9 74364
|
| 700 |
1 |
|
|a Merkovičová, Oľga
|4 trl
|9 45695
|
| 919 |
|
|
|a 80-85310-27-9
|
| 958 |
|
|
|a TL
|
| 958 |
|
|
|a OP
|
| 958 |
|
|
|a NT
|
| 968 |
|
|
|a SLO
|b SER-CR
|
| 999 |
|
|
|c 883021
|d 884951
|
| 952 |
|
|
|t P60, <09>, [BOOK], {629}
|a SNK
|b SNK
|y NEVYP
|7 0
|o snkD 210
|0 0
|1 0
|4 0
|d 1996-06-04
|l 0
|r 2005-01-01 00:00:00
|w 2026-02-24
|
| 952 |
|
|
|a SNK
|b SNK
|y PREZ
|7 0
|p 17A0005260
|o snkSD 67880
|i snkKSP 4868/96
|0 0
|1 0
|4 0
|d 1996-06-04
|l 0
|r 2005-01-01 00:00:00
|w 2026-02-24
|
| 952 |
|
|
|a SNK
|b SNK
|y VYP
|7 0
|p 17A0005259
|o snkSD 67880 D1
|i snkKSP 4869/96
|0 0
|1 0
|4 0
|d 1996-06-04
|f 1
|l 0
|r 2005-01-01 00:00:00
|w 2026-02-24
|